Wasiat dalam Islam : Pengertian dan kedudukannya di Malaysia

Bibliographic Details
Main Author: ABDUL Rashid Haji Abdul Latif
Format: Book
Published: Bangi, Selangor : Penerbit UKM , 1986
Series:Siri Islam dan pembangunan Malaysia, Universiti Kebangsaan Malaysia
Subjects:

MARC

LEADER 00000cam a2200000 7i4500
001 0000000164
005 20000711.0
020 0 0 |a 9679420876 
090 0 0 |a 297.4   |b ABD 1986 
100 0 0 |a ABDUL Rashid Haji Abdul Latif 
245 1 0 |a Wasiat dalam Islam :   |b Pengertian dan kedudukannya di Malaysia   |c Abdul Rashid Haji Abdul Latif 
260 0 0 |a Bangi, Selangor :   |b Penerbit UKM ,   |c 1986 
300 |a 152 p. ;   |c 23 cm. 
440 0 0 |a Siri Islam dan pembangunan Malaysia, Universiti Kebangsaan Malaysia 
500 0 0 |a Bibliography: [p. 151-152] 
650 0 0 |a Inheritance and succession (Islamic law)   |z Malaysia 
650 0 0 |a Will (Islamic law) 
999 |a 0000001318   |b Monograph   |c Open Shelf   |e Default branch